000
00306nam a22001337a 4500
008
170411b xxu||||| |||| 00| 0 eng d
020
_a
9780781724807
041
_a
eng
080
_2
4 ED
_a
618
100
_a
10
101
_a
SHM
245
_a
OBSTETRICSAND GYNECOLOGY
_c
BECKMAN.CH.R.B
942
_2
udc
_c
BK
999
_c
10364
_d
10364